Đọc - Ghi nhạc
Gespeichert in:
| 1. Verfasser: | |
|---|---|
| Format: | Buch |
| Sprache: | Undetermined |
| Veröffentlicht: |
Việt Nam
2004
|
| Schlagworte: | |
| Tags: |
Tag hinzufügen
Keine Tags, Fügen Sie den ersten Tag hinzu!
|
| Thư viện lưu trữ: | Trung tâm Học liệu Trường Đại học Cần Thơ |
|---|
| LEADER | 00495nam a2200193Ia 4500 | ||
|---|---|---|---|
| 001 | CTU_98370 | ||
| 008 | 210402s9999 xx 000 0 und d | ||
| 020 | |c 27000 | ||
| 082 | |a 781.422 | ||
| 082 | |b V121 | ||
| 100 | |a Phạm, Thanh Vân | ||
| 245 | 0 | |a Đọc - Ghi nhạc | |
| 245 | 0 | |c Phạm Thanh Vân | |
| 260 | |a Việt Nam | ||
| 260 | |c 2004 | ||
| 650 | |a Music,Techniques of music | ||
| 650 | |x Theory | ||
| 904 | |i Năm | ||
| 980 | |a Trung tâm Học liệu Trường Đại học Cần Thơ | ||